| 000 | 00718nam a22001577a 4500 | ||
|---|---|---|---|
| 003 | OSt | ||
| 005 | 20160106162951.0 | ||
| 008 | 160106b xxu||||| |||| 00| 0 eng d | ||
| 040 | _cRUA | ||
| 082 | _aLMA CHE 2011 B310 Or.1 | ||
| 100 |
_96168 _aCHEOUN, BUNROTH. |
||
| 245 | _aStudy on land registration systematic in samraong leu commune angk snuol; district kandal province, នីតិវិធីនៃការចុះបញ្ជីដីធ្លីមានលក្ខណៈជាប្រព័ន្ធនៅឃុំសំរោងលើ ស្រុកអង្គស្នួល ខេត្តកណ្ដាល | ||
| 260 |
_aPhnom Penh _bRUA _c2011 |
||
| 300 |
_aix; 44p. _bill. _c29cm. |
||
| 942 |
_2ddc _cLMA |
||
| 999 |
_c5744 _d5744 |
||